00417nam a2200157Ia 4500008004100000020001500041082001500056100001800071245006100089250000800150260002900158300001200187500002400199650001500223700002100238230524s9999 xx 000 0 und d a8131502767 a658.3bEVE aJames R.Evans 0aOperations Management : An Integrated Goods and Services aIST aNEW DELHIbCengagec2007 aXIX;815 aQuantity Number: 5 aManagement a David A.Collier